000 00818nam a2200217 i 4500
001 137061
003 ES-MaACL
005 20250829124027.0
007 t|
008 070214s1950 sp |||| |dspa d
080 _a371 Feijoo, Padre
100 1 _aSainz-Amor, Concepción.
_9101575
245 1 0 _aIdeas pedagógicas del Padre Feijoo /
_cConcepción Sainz-Amor.
260 _aMadrid :
_b[s.n.],
_c1950 (
_fGráf. Versal)
300 _a366 p. ;
_c21 cm.
594 _aPrecede al tít.: Consejo Superior de Investigaciones Científicas. Instituto de Pedagogía San José de Calasanz.
600 1 7 _aFeijoo, Benito Jerónimo,
_d1676-1764-
_xCrítica e interpretación
_2
_9127030
710 2 _aInstituto San José de Calasanz de Pedagogía
_9163009
852 _aES-MaACL
_jD-5593
999 _c137061
_d137061